000 00972nam a22002657a 4500
999 _c65971
_d65971
005 20240530110852.0
008 201102s2019 ua a g b 000 0dara d
017 _a2019/23088
_bمصر. دار الكتب
020 _a9789773195373
040 _aEG-CaGPL
_cEG-CaGPL
082 0 4 _221
_a830.03/
_bهـ ح
100 1 _aهاندكه ، بيتر
245 1 0 _aحزن غير محتمل :
_bرواية من النمسا /
_cبيتر هاندكه ؛ ترجمها هبة شريف
250 _aط.1
260 _aالقاهرة :
_bالعربى للنشر و التوزيع،
_c2020
300 _a199 ص. ؛
_c20 سم.
504 _aيشتمل على ارجاعات ببليوجرافية
650 0 7 _2qrmak
_aالادب الالمانى
650 0 7 _2qrmak
_aالقصص الالمانية
650 0 7 _2qrmak
_aالادب النمساوى
651 _2qrmak
700 0 _aهبة شريف
942 _2ddc
_cBK